Statistieken voor Periodiek Systeem Quiz

Klik hier om de quiz te nemen!

Algemene statistieken

  • Deze quiz is 2.424 keer genomen
  • De gemiddelde score is 38 van 118

Antwoordstatistieken

#SymboolElement% Correct
1HWaterstof
89%
79AuGoud
87%
8OZuurstof
87%
47AgZilver
83%
2HeHelium
83%
6CKoolstof
79%
26FeIJzer
78%
7NStikstof
71%
29CuKoper
69%
11NaNatrium
65%
17ClChloor
61%
10NeNeon
60%
82PbLood
58%
92UUraan
57%
13AlAluminium
57%
19KKalium
57%
12MgMagnesium
56%
9FFluor
55%
3LiLithium
55%
15PFosfor
54%
5BBoor
54%
30ZnZink
53%
18ArArgon
53%
16SZwavel
53%
53IJodium
52%
20CaCalcium
52%
50SnTin
51%
35BrBroom
51%
80HgKwik
51%
54XeXenon
44%
56BaBarium
42%
25MnMangaan
41%
28NiNikkel
41%
4BeBeryllium
40%
99EsEinsteinium
39%
94PuPlutonium
39%
78PtPlatina
39%
36KrKrypton
39%
24CrChroom
39%
14SiSilicium
39%
88RaRadium
37%
86RnRadon
37%
38SrStrontium
36%
22TiTitaan
36%
27CoKobalt
36%
74WWolfraam
32%
32GeGermanium
30%
48CdCadmium
29%
31GaGallium
28%
87FrFrancium
27%
33AsArseen
27%
34SeSeleen
25%
23VVanadium
24%
93NpNeptunium
23%
21ScScandium
23%
98CfCalifornium
23%
39YYttrium
23%
84PoPolonium
23%
46PdPalladium
23%
55CsCesium
23%
63EuEuropium
22%
51SbAntimoon
21%
95AmAmericium
21%
104RfRutherfordium
21%
57LaLanthaan
20%
40ZrZirkonium
20%
96CmCurium
20%
77IrIridium
20%
90ThThorium
20%
85AtAstaat
19%
76OsOsmium
19%
42MoMolybdeen
19%
107BhBohrium
19%
45RhRhodium
19%
37RbRubidium
19%
83BiBismut
19%
101MdMendelevium
18%
58CeCerium
18%
49InIndium
18%
110DsDarmstadtium
18%
81TlThallium
18%
89AcActinium
17%
102NoNobelium
17%
118OgOganesson
17%
52TeTelluur
17%
73TaTantaal
17%
72HfHafnium
17%
41NbNiobium
17%
43TcTechnetium
17%
44RuRuthenium
16%
103LrLawrencium
16%
75ReRenium
16%
70YbYtterbium
16%
68ErErbium
16%
67HoHolmium
15%
117TsTennessine
15%
115McMoscovium
15%
112CnCopernicium
15%
71LuLutetium
15%
69TmThulium
15%
106SgSeaborgium
15%
60NdNeodymium
15%
97BkBerkelium
15%
62SmSamarium
15%
100FmFermium
15%
105DbDubnium
14%
61PmPromethium
14%
108HsHassium
14%
109MtMeitnerium
14%
91PaProtactinium
14%
64GdGadolinium
14%
116LvLivermorium
14%
65TbTerbium
14%
59PrPraseodymium
14%
66DyDysprosium
13%
114FlFlerovium
13%
111RgRoentgenium
12%
113NhNihonium
12%

Scoreverdeling

Percentiel versus Aantal Correcte Antwoorden

Procent van Mensen met Elke Score

Uw Scoregeschiedenis

U heeft deze quiz nog niet genomen